[Event "ET vs Vff "]
[Site "http://www.queenalice.com/game.php?id=1115536"]
[Date "2012.10.23"]
[Round "-"]
[White "Nilanguenivert"]
[Black "nuage"]
[Result "1-0"]
[WhiteElo "1839"]
[BlackElo "1629"]

1. e4 e6 2. Nf3 Nf6 3. e5 Ne4 4. d4 Be7 5. Bd3 Ng5 6. Nc3 b6 7. Ne4 Nxe4 8. Bxe4
c6 9. c4 O-O 10. O-O d6 11. Bf4 d5 12. cxd5 cxd5 13. Bc2 Nc6 14. Qd3 g6 15. a3
Na5 16. h3 Bb7 17. Nh2 Rc8 18. Ng4 Nc4 19. Rab1 Ba6 20. Rfc1 Nxa3 21. Qxa6 Nxb1
22. Bxb1 Rxc1+ 23. Bxc1 Qc7 24. Bh6 Rc8 25. Qd3 Qd8 26. Qf3 Bg5 27. Bd3 Rc1+ 28.
Kh2 Re1 29. Nf6+ Bxf6 30. exf6 Qd6+ 31. g3 Ra1 32. Bf4 Qd8 33. Bd2 Ra2 34. Bc3
e5 35. dxe5 d4 36. Bxd4 Ra4 37. Bc3 a6 38. b3 Ra3 39. Bc4 b5 40. Bxf7+ Kxf7 41.
e6+ Kxe6 42. f7 Qf8 43. Qf6+ Kd5 44. Bb4 1-0

[Event "E.T. vs Vff  La REVANCHE"]
[Site "http://www.queenalice.com/game.php?id=1120234"]
[Date "2012.11.8"]
[Round "-"]
[White "nuage"]
[Black "Nilanguenivert"]
[Result "0-1"]
[WhiteElo "1524"]
[BlackElo "1880"]

1. Nf3 Nf6 2. d3 d5 3. g3 Nc6 4. Bg2 e5 5. O-O Bc5 6. Bg5 Bf5 7. Nc3 Qd6 8. Nb5
Qe7 9. Nh4 Be6 10. e4 d4 11. f4 O-O-O 12. f5 Bd7 13. Rb1 a6 14. Na3 h6 15. Bxf6
Qxf6 16. Nc4 Kb8 17. a3 Na7 18. b4 Be7 19. Na5 Nb5 20. Rb3 Nc3 21. Qa1 Ba4 22.
Rb2 Qg5 23. Nf3 Qe3+ 24. Rf2 Bd6 25. Nc4 Ne2+ 26. Kf1 Qc1+ 27. Qxc1 Nxc1 28. Nh4
h5 29. Nd2 Be7 30. Nhf3 g6 31. fxg6 fxg6 32. Nxe5 Rhf8 33. Nxg6 Rxf2+ 34. Kxf2
Bg5 35. Nc4 Rg8 36. Nge5 Rf8+ 37. Nf3 Bd7 38. h4 Bh6 39. Ne5 Bg4 40. a4 Bg7 41.
Ng6 Rf6 42. Nf4 Bh6 43. Nd5 Rf7 44. b5 a5 45. c3 Nxd3+ 46. Ke2 Nxb2 47. cxd4
Nxa4 48. Kd3 Bxf3 49. Bh3 Bd1 50. Ne3 Rf3 51. Kd2 Bb3 52. d5 Rxe3 0-1

[Event "Partie que je gagne"]
[Site "http://www.queenalice.com/game.php?id=1136439"]
[Date "2013.1.2"]
[Round "-"]
[White "nuage"]
[Black "Nilanguenivert"]
[Result "1/2-1/2"]
[WhiteElo "1655"]
[BlackElo "1882"]

1. Nf3 Nc6 2. d3 e5 3. Nc3 Bb4 4. Bd2 f5 5. g3 Nf6 6. Bg2 d5 7. O-O e4 8. dxe4
fxe4 9. Ng5 O-O 10. h4 Bf5 11. f3 Bxc3 12. Bxc3 d4 13. Be1 e3 14. g4 Bg6 15. Ne6
Qd6 16. Nxf8 Rxf8 17. a3 Ne5 18. Bb4 c5 19. Be1 Nexg4 20. fxg4 Nxg4 21. Rxf8+
Kxf8 22. c3 Qh2+ 23. Kf1 Qf4+ 24. Kg1 Qh2+ 25. Kf1 Qf4+ 26. Kg1 Qh2+ 1/2-1/2

[Event "Challenge"]
[Site "http://www.queenalice.com/game.php?id=1136447"]
[Date "2013.1.2"]
[Round "-"]
[White "Nilanguenivert"]
[Black "nuage"]
[Result "0-1"]
[WhiteElo "1873"]
[BlackElo "1690"]

1. e4 e6 2. e5 Nc6 3. Nf3 Nh6 4. d4 Bb4+ 5. c3 Be7 6. Bc4 O-O 7. Nbd2 a6 8. Ne4
b5 9. Bb3 Bb7 10. Qd3 Nf5 11. g4 Nh6 12. Bc2 Nxg4 13. Neg5 g6 14. Nxh7 Kxh7 15.
Ng5+ Bxg5 16. Bxg5 Qxg5 17. Qh3+ Nh6 18. Be4 Rad8 19. f3 Ne7 20. Bxb7 Qe3+ 21.
Kf1 Qd3+ 22. Ke1 c6 23. Rd1 Qe3+ 24. Kf1 a5 25. Kg2 Qe2+ 26. Kg3 Nf5+ 27. Kf4
Qe3# 0-1

[Event "et revient !!!!"]
[Site "http://www.queenalice.com/game.php?id=1145557"]
[Date "2013.1.26"]
[Round "-"]
[White "Nilanguenivert"]
[Black "nuage"]
[Result "1-0"]
[WhiteElo "1850"]
[BlackElo "1664"]

1. e4 e6 2. d4 d6 3. Nc3 Nf6 4. Bg5 Be7 5. Nf3 Nc6 6. Bb5 O-O 7. Qd2 e5 8. Bxc6
bxc6 9. O-O-O c5 10. dxe5 Ng4 11. Bxe7 Qxe7 12. exd6 cxd6 13. Rhe1 Be6 14. Nd5
Qb7 15. Qc3 Nxf2 16. Rd2 Nxe4 17. Rxe4 Bf5 18. Re7 Qa6 19. a3 Qf1+ 20. Re1 Qb5
21. Ne7+ Kh8 22. Nxf5 f6 23. Nxd6 Qb8 24. Qxc5 Qb6 25. Qd5 Rab8 26. b4 Rfd8 27.
Nf7+ Kg8 28. Nh6+ 1-0

[Event "vive la bagarre !!!!"]
[Site "http://www.queenalice.com/game.php?id=1145558"]
[Date "2013.1.26"]
[Round "-"]
[White "nuage"]
[Black "Nilanguenivert"]
[Result "0-1"]
[WhiteElo "1645"]
[BlackElo "1859"]

1. Nf3 e6 2. d4 Nf6 3. g3 b6 4. Bg2 Bb7 5. O-O Nc6 6. Bg5 g6 7. Nbd2 Bg7 8. Ne5
d5 9. e3 O-O 10. a3 Qd6 11. b4 Nxe5 12. dxe5 Qxe5 13. Nf3 Qf5 14. h4 Ne4 15. Nd4
Qe5 16. f4 Qd6 17. Nb5 Qc6 18. Nd4 Qc4 19. Rf3 c5 20. Bf1 Qc3 21. Nb5 Qxa1 22.
Qxa1 Bxa1 23. Bh6 Bg7 24. Bg5 f6 25. Nc7 fxg5 26. Nxa8 g4 27. Rf2 Nxf2 28. Nc7
Nh3+ 29. Bxh3 gxh3 30. Nxe6 Re8 31. Nc7 Rxe3 32. Kh2 d4 33. Kxh3 Bf3 34. Nb5 Re1
35. g4 Rg1 36. g5 c4 37. Nxa7 d3 0-1

[Event "cool !!!"]
[Site "http://www.queenalice.com/game.php?id=1154945"]
[Date "2013.2.23"]
[Round "-"]
[White "Nilanguenivert"]
[Black "nuage"]
[Result "1-0"]
[WhiteElo "1866"]
[BlackElo "1632"]

1. e4 e5 2. Nf3 Nc6 3. Nc3 Bc5 4. b3 Nf6 5. Bb2 Ng4 6. d4 exd4 7. Nd5 d6 8. Qd2
d3 9. Bxd3 Bxf2+ 10. Ke2 Bh4 11. Rhf1 O-O 12. Nxh4 Qxh4 13. Qf4 Qh5 14. Kd2 Nxh2
15. Qg3 Nxf1+ 16. Rxf1 Be6 17. Qxg7# 1-0

[Event "vengeance !!!!"]
[Site "http://www.queenalice.com/game.php?id=1158062"]
[Date "2013.3.5"]
[Round "-"]
[White "Nilanguenivert"]
[Black "nuage"]
[Result "1-0"]
[WhiteElo "1873"]
[BlackElo "1493"]

1. f4 d5 2. Nf3 Nf6 3. e3 e6 4. b3 Ne4 5. Bb2 Be7 6. g3 O-O 7. Bd3 Nc5 8. Qe2
Nc6 9. Nc3 e5 10. e4 d4 11. Nd5 Bg4 12. O-O-O Bd6 13. Rhg1 Nb4 14. Nxb4 a5 15.
Nd5 c6 16. fxe5 Bxe5 17. Nf4 b5 18. Qf1 a4 19. b4 Na6 20. a3 f6 21. h3 Bxf3 22.
Qxf3 Rc8 23. Qg4 g6 24. Ne6 Qd6 25. Nxf8 Rxf8 26. c3 Rb8 27. c4 Nc7 28. c5 Qf8
29. Qd7 Rd8 30. Qxc6 Qf7 31. Bxb5 Nxb5 32. Qxb5 Qb3 33. d3 h5 34. Qc4+ Qxc4+ 35.
dxc4 Kf7 36. Rd3 Kg7 37. b5 Rc8 38. c6 Kf7 39. Bxd4 Bd6 40. c5 Bb8 41. Rf3 f5
42. exf5 g5 43. Re1 Rd8 44. Be5 Rd5 45. Bxb8 Rxc5+ 46. Kd2 Rxb5 47. Be5 Rd5+ 48.
Rd3 Rc5 49. c7 Rc6 50. Rd8 Ke7 51. c8=Q Rxc8 52. Rxc8 Kd7 53. Rc7+ Kd8 54. Rb1
1-0

[Event "Challenge"]
[Site "http://www.queenalice.com/game.php?id=1185510"]
[Date "2013.5.28"]
[Round "-"]
[White "nuage"]
[Black "Nilanguenivert"]
[Result "0-1"]
[WhiteElo "1519"]
[BlackElo "1887"]

1. Nf3 Nc6 2. g3 e5 3. d3 d5 4. Bg2 Nf6 5. Bg5 Bc5 6. O-O h6 7. Bxf6 Qxf6 8. Nc3
Be6 9. Nb5 O-O-O 10. a3 e4 11. Nh4 g5 12. b4 Bd4 13. c3 Bxc3 14. Rc1 Bd4 15. e3
Bb6 16. d4 gxh4 17. a4 Nxb4 18. Qd2 Nc6 19. f3 h3 20. fxe4 Qg6 21. Bh1 Rhe8 22.
Nc3 dxe4 23. Bxe4 Qg5 24. Ne2 Bd5 25. Nc3 Bxe4 26. Rxf7 Qg6 27. Rcf1 Ne5 28.
R7f6 Nf3+ 29. R1xf3 Bxf3 30. Rxg6 Rxe3 31. Qxe3 Bxd4 32. Qxd4 Rxd4 33. Rxh6 Bg2
34. Nb5 Rd8 35. Nxa7+ Kb8 36. Nb5 Rf8 37. Rh8 Rxh8 38. Kf2 Rf8+ 39. Ke3 c6 40.
Nc3 Rf3+ 41. Kd4 Kc7 42. Ne4 Ra3 43. Nc5 b6 44. Ne6+ Kd6 45. Nf4 Rxa4+ 46. Kc3
b5 47. Kb3 c5 48. Ne2 c4+ 49. Kc3 Kc5 50. Nd4 b4+ 51. Kd2 Kxd4 52. g4 Ra2+ 53.
Kc1 Kc3 54. g5 Ra1# 0-1

[Event "AUTO-ADV-2863"]
[Site "http://www.queenalice.com/game.php?id=1185668"]
[Date "2013.5.29"]
[Round "1"]
[White "guy92"]
[Black "Nilanguenivert"]
[Result "0-1"]
[WhiteElo "1874"]
[BlackElo "1893"]

1. d4 d5 2. c4 e6 3. cxd5 exd5 4. Nc3 Nf6 5. Bg5 c6 6. Nf3 Bf5 7. e3 Nbd7 8. Bd3
Bxd3 9. Qxd3 Bd6 10. O-O O-O 11. Rfe1 Re8 12. Re2 Qc7 13. Bxf6 Nxf6 14. Rae1 Ne4
15. h3 Re6 16. Kf1 Rae8 17. Nd2 Nxd2+ 18. Qxd2 Bb4 19. a3 Qh2 20. f3 Bd6 21. Nd1
Qh1+ 0-1

[Event "AUTO-ADV-2863"]
[Site "http://www.queenalice.com/game.php?id=1185669"]
[Date "2013.5.29"]
[Round "1"]
[White "Nilanguenivert"]
[Black "guy92"]
[Result "1-0"]
[WhiteElo "1875"]
[BlackElo "1925"]

1. e4 e5 2. Nf3 Nc6 3. Nc3 Nf6 4. Bc4 Bc5 5. b3 Ng4 6. O-O Nxf2 7. Rxf2 Bxf2+ 8.
Kxf2 Qf6 9. Ba3 Nd4 10. Nd5 Qc6 11. Nxe5 Qxd5 12. Bxd5 Ne6 13. Qf3 f6 14. Qh5+
g6 15. Nxg6 Ng7 16. Qh6 1-0

[Event "AUTO-ADV-2863"]
[Site "http://www.queenalice.com/game.php?id=1185680"]
[Date "2013.5.29"]
[Round "1"]
[White "Ricardoabreu"]
[Black "Nilanguenivert"]
[Result "0-1"]
[WhiteElo "1645"]
[BlackElo "1889"]

1. b3 e5 2. Bb2 Nc6 3. g3 d5 4. Bg2 e4 5. e3 Nf6 6. Nh3 Bd6 7. Nf4 O-O 8. d3 Bf5
9. dxe4 dxe4 10. Nc3 Bb4 11. O-O Bxc3 12. Bxc3 Qxd1 13. Raxd1 Rad8 14. Rxd8 Rxd8
15. b4 Nd5 16. Nxd5 Rxd5 17. h3 h5 18. h4 Ne5 19. Bd4 Nf3+ 20. Bxf3 exf3 21. Rd1
Bxc2 22. Rd2 Be4 23. a4 a6 24. Kf1 b6 25. Ke1 c5 26. bxc5 bxc5 27. Bc3 Rxd2 28.
Kxd2 Bc6 29. a5 Bb5 30. Bb2 f6 31. Kc3 Kf7 32. Ba3 c4 33. Bb4 Ke6 34. Kd4 Kf5
35. Bc3 Kg4 36. Ke4 Bc6+ 37. Kd4 Kh3 38. Kxc4 Bb5+ 39. Kd4 Kg2 40. Ke4 Kxf2 41.
Bd4 Kxg3 42. Bc3 f2 43. Bd2 f1=Q 44. Kd5 Qf5+ 45. Kd4 Qe5# 0-1

[Event "AUTO-ADV-2863"]
[Site "http://www.queenalice.com/game.php?id=1185681"]
[Date "2013.5.29"]
[Round "1"]
[White "Nilanguenivert"]
[Black "Ricardoabreu"]
[Result "1-0"]
[WhiteElo "1895"]
[BlackElo "1639"]

1. e4 b6 2. d4 e6 3. Nc3 Bb7 4. Nf3 g6 5. e5 Bh6 6. Bxh6 Nxh6 7. Qd2 Nf5 8. Bd3
Bxf3 9. gxf3 Nxd4 10. Be4 c6 11. Qxd4 Na6 12. O-O-O Nc5 13. Rd2 Qh4 14. Qd6
O-O-O 15. Bd3 Kb7 16. Ne4 Nxe4 17. Bxe4 Kc8 18. b4 f5 19. exf6 Qxf6 20. Kb1 Rhe8
21. b5 cxb5 22. Qa3 Kb8 23. Qa6 d5 24. Bd3 Rc8 25. Bxb5 Re7 26. Qa3 Rec7 27. Rc1
h5 28. Qd6 Rd8 29. Qg3 Qc3 30. Rd3 Qb4+ 31. Rb3 Qd2 32. Kb2 Rc8 33. Bd7 Rd8 34.
Bxe6 Re8 35. Bf7 Rc8 36. Qe5 Qxf2 37. Rc3 Kb7 38. Bxd5+ Kb8 39. Rxc7 Rxc7 40.
Kb3 Qc5 41. c4 a5 42. a3 b5 43. h4 bxc4+ 44. Rxc4 Qb5+ 45. Kc3 Qb6 46. Qe8+ Ka7
47. Qa8# 1-0

[Event "AUTO-ADV-2863"]
[Site "http://www.queenalice.com/game.php?id=1185686"]
[Date "2013.5.29"]
[Round "1"]
[White "Antoniel_Barbosa"]
[Black "Nilanguenivert"]
[Result "0-1"]
[WhiteElo "1657"]
[BlackElo "1908"]

1. e4 e5 2. Nc3 Bc5 3. Bc4 d6 4. Qf3 Nf6 5. Nd5 Bg4 6. Qd3 Nbd7 7. h3 Be6 8. b3
O-O 9. Bb2 c6 10. Nxf6+ Qxf6 11. Nf3 d5 12. exd5 cxd5 13. Bxd5 Bxd5 14. Qxd5 Bd6
15. Qxb7 Nc5 16. Qc6 Rac8 17. Qd5 Rfd8 18. Nxe5 Bxe5 19. Bxe5 Rxd5 20. Bxf6 gxf6
21. O-O-O Nd3+ 22. Kb1 Nxf2 23. c4 Rg5 24. h4 Rg3 25. Rhf1 Nxd1 26. Rxd1 Rxg2
27. d4 Rh2 28. d5 Rxh4 29. d6 Re4 30. d7 Rd8 31. Rd6 Re7 32. c5 Rexd7 33. Rxf6
Rd2 34. Ra6 Re8 35. Rg6+ hxg6 0-1

[Event "AUTO-ADV-2863"]
[Site "http://www.queenalice.com/game.php?id=1185687"]
[Date "2013.5.29"]
[Round "1"]
[White "Nilanguenivert"]
[Black "Antoniel_Barbosa"]
[Result "0-1"]
[WhiteElo "1914"]
[BlackElo "1651"]

1. e4 e5 2. Nf3 Nc6 3. Nc3 Nf6 4. d4 Nxd4 5. Nxd4 Bc5 6. Nf5 d6 7. Bc4 O-O 8.
Bg5 h6 9. Bxh6 gxh6 10. Nxh6+ Kg7 11. Qd2 Be6 12. Qg5+ Kh7 13. Bd3 Ng8 14. Qxd8
Raxd8 15. Nxg8 Rxg8 16. O-O-O Bxf2 17. g3 Bg4 18. Rdf1 Bf3 19. Nd5 Bxh1 20. Nf6+
Kg7 21. Nxg8 Rxg8 22. Rxf2 Rh8 23. Kd1 a5 24. Ke1 c6 25. Kf1 d5 26. Kg1 dxe4 27.
Kxh1 exd3 28. cxd3 Rd8 29. Rf3 Kg6 30. Kg2 f5 31. Re3 Rd5 32. Kf3 a4 33. a3 Kg5
34. h4+ Kh5 35. Kf2 Kg4 36. Kg2 b6 37. Kf2 f4 38. gxf4 exf4 39. Rh3 Kxh3 0-1

[Event "Challenge"]
[Site "http://www.queenalice.com/game.php?id=1192022"]
[Date "2013.6.18"]
[Round "-"]
[White "Nilanguenivert"]
[Black "nuage"]
[Result "1-0"]
[WhiteElo "1901"]
[BlackElo "1499"]

1. f4 Nf6 2. Nf3 e6 3. e3 Bc5 4. b3 O-O 5. Bb2 Nc6 6. Bd3 d6 7. O-O h6 8. Qe1
Nb4 9. Qe2 a5 10. a3 Nxd3 11. Qxd3 b6 12. Qc3 Ne4 13. Qxg7# 1-0

[Event "vff la revanche !!!"]
[Site "http://www.queenalice.com/game.php?id=1193514"]
[Date "2013.6.23"]
[Round "-"]
[White "Nilanguenivert"]
[Black "nuage"]
[Result "1-0"]
[WhiteElo "1903"]
[BlackElo "1536"]

1. e4 e6 2. d4 Bd6 3. e5 Bb4+ 4. Nc3 Ne7 5. Bd2 O-O 6. Bd3 Nbc6 7. Nf3 Nd5 8.
Bxh7+ Kxh7 9. Ng5+ Kg8 10. Qh5 Qxg5 11. Qxg5 Nxd4 12. O-O-O b6 13. Nxd5 Ne2+ 14.
Kb1 Bc5 15. Ne7+ Bxe7 16. Qxe7 Bb7 17. f3 Bc6 18. Be3 Rfe8 19. Qh4 a5 20. Rhe1
Bb5 21. c4 Bxc4 22. Qxc4 1-0

[Event "Challenge"]
[Site "http://www.queenalice.com/game.php?id=1200836"]
[Date "2013.7.18"]
[Round "-"]
[White "nuage"]
[Black "Nilanguenivert"]
[Result "1-0"]
[WhiteElo "1650"]
[BlackElo "1965"]

1. Nf3 d5 2. d3 Nc6 3. g3 e5 4. Bg2 Nf6 5. O-O Bc5 6. Bg5 Bf5 7. Nbd2 e4 8. dxe4
dxe4 9. Nh4 g6 10. a3 Qe7 11. b4 Bb6 12. c4 Bd4 13. b5 Ne5 14. Rb1 Neg4 15. e3
Bc5 16. Nb3 Rd8 17. Qc2 h6 18. Nxf5 gxf5 19. Bf4 Bxa3 20. Na5 Bb4 21. Nxb7 Rd2
22. Qa4 Bc5 23. b6+ Qd7 24. Qxd7+ Nxd7 25. Nxc5 Nxb6 26. Bxc7 O-O 27. Bxb6 axb6
28. Rxb6 Rc8 29. Nb3 Rb2 30. c5 Ne5 31. Rc1 Nd3 32. Rc3 Nxc5 33. Bh3 Rc7 34.
Bxf5 Rb1+ 35. Kg2 Rb2 36. Bxe4 Kg7 37. Bd5 Kh7 38. Bxf7 Rxf2+ 39. Kxf2 Ne4+ 40.
Kg2 Nxc3 41. Bg6+ Kg7 42. e4 Re7 43. Nd2 Nd5 44. exd5 Re2+ 45. Kf3 Rxd2 46. h4
Rxd5 47. Be4 Rd7 48. Bf5 Rf7 49. Rg6+ Kf8 50. Kg4 Rg7 51. Rxg7 Kxg7 52. Kh5 Kf6
53. Bg6 Kg7 54. Be4 Kh8 55. Kxh6 Kg8 56. g4 Kh8 57. g5 Kg8 58. g6 Kh8 59. g7+
Kg8 60. Bd5# 1-0

[Event "AUTO-ADV-2863"]
[Site "http://www.queenalice.com/game.php?id=1207691"]
[Date "2013.8.13"]
[Round "2"]
[White "Degoba"]
[Black "Nilanguenivert"]
[Result "0-1"]
[WhiteElo "2081"]
[BlackElo "1944"]

1. e4 e5 2. Nf3 d6 3. Bc4 Nc6 4. c3 Nf6 5. d3 Bg4 6. h3 Bh5 7. Bg5 Be7 8. Nbd2
O-O 9. O-O h6 10. a3 hxg5 0-1

[Event "AUTO-ADV-2863"]
[Site "http://www.queenalice.com/game.php?id=1207692"]
[Date "2013.8.13"]
[Round "2"]
[White "Nilanguenivert"]
[Black "Degoba"]
[Result "1-0"]
[WhiteElo "1936"]
[BlackElo "2118"]

1. e4 e5 2. Nf3 Nf6 3. Nxe5 d6 4. Nf3 Nxe4 5. d4 d5 6. c4 Bb4+ 7. Bd2 Bxd2+ 8.
Nbxd2 Nxd2 9. Qxd2 dxc4 10. Bxc4 O-O 11. O-O Bf5 12. Rfe1 Nd7 13. Re3 Nb6 14.
Bb3 c6 15. Rae1 h6 16. Ne5 Nd5 17. Rg3 Kh7 18. Rf3 1-0

[Event "AUTO-ADV-2863"]
[Site "http://www.queenalice.com/game.php?id=1207693"]
[Date "2013.8.13"]
[Round "2"]
[White "leduar"]
[Black "Nilanguenivert"]
[Result "0-1"]
[WhiteElo "1982"]
[BlackElo "1926"]

1. e4 e5 2. Nf3 d6 3. d4 Bg4 4. Be2 Nf6 5. Nc3 Nbd7 6. Bg5 Be7 7. d5 c6 8. O-O
O-O 9. Nh4 Bxe2 10. Qxe2 cxd5 11. Nf5 d4 12. Nxe7+ Qxe7 13. Nd5 Qd8 14. Rac1 h6
15. Bh4 g5 16. Bg3 Nc5 17. Nxf6+ Qxf6 18. Qg4 Kh7 19. h4 Rg8 20. Qf5+ Qg6 21.
Qxg6+ Kxg6 22. f3 f5 23. exf5+ Kxf5 24. hxg5 hxg5 25. Bh2 Raf8 26. g4+ Ke6 27.
b3 Rf6 28. Kg2 Rgf8 29. Bg1 b5 30. c4 bxc4 31. Rxc4 Kd5 32. Rb4 Nd3 33. Ra4 R8f7
34. b4 e4 35. fxe4+ Kxe4 36. Rxf6 Rxf6 37. b5 Ne1+ 38. Kh1 Rf1 39. Rxd4+ Ke5 40.
Rd1 Kf4 41. Rxd6 Kg3 42. Rd1 Kxg4 43. a4 Kh3 44. b6 axb6 45. a5 g4 46. Rd8 Nf3
47. Rh8+ Kg3 0-1

[Event "AUTO-ADV-2863"]
[Site "http://www.queenalice.com/game.php?id=1207694"]
[Date "2013.8.13"]
[Round "2"]
[White "Nilanguenivert"]
[Black "leduar"]
[Result "1-0"]
[WhiteElo "1905"]
[BlackElo "2029"]

1. e4 e5 2. Nf3 Nc6 3. Nc3 h6 4. Bc4 Nf6 5. b3 Nxe4 6. Nxe4 d5 7. Bxd5 Qxd5 8.
Qe2 Bf5 9. Nc3 Qa5 10. Bb2 O-O-O 11. O-O-O Bg4 12. h3 Bh5 13. g4 Bg6 14. d3 Nb4
15. Qxe5 Nxa2+ 16. Kb1 Nxc3+ 17. Qxc3 Qd5 18. Ne5 Bh7 19. Rhe1 f6 20. Nc4 b5 21.
Ne3 Qf3 22. Qa5 Qb7 23. f4 Bc5 24. Ba3 Bb6 25. Qxb5 Qf3 26. Bc5 Qxf4 27. Nc4
Bxc5 28. Qxc5 Qd4 29. Qc6 Qd5 30. Qa6+ Qb7 31. Qe6+ Kb8 32. Na5 Qc8 33. Nc6+ Ka8
34. Nxd8 Qxd8 35. Qc6+ Kb8 36. Re6 Bg6 37. Rde1 Bf7 38. Re7 Bd5 39. Qb5+ Kc8 40.
Re8 Rxe8 41. Rxe8 1-0

[Event "une petite deuxieme !!"]
[Site "http://www.queenalice.com/game.php?id=1222210"]
[Date "2013.10.5"]
[Round "-"]
[White "Nilanguenivert"]
[Black "nuage"]
[Result "1-0"]
[WhiteElo "1959"]
[BlackElo "1611"]

1. e4 e5 2. Nf3 Nc6 3. Bb5 Bc5 4. c3 Nf6 5. O-O Nxe4 6. Qe2 f5 7. d3 Nf6 8. Bxc6
dxc6 9. Nxe5 O-O 10. d4 Bd6 11. Qc4+ Nd5 12. Nd2 a6 13. Ndf3 Be6 14. Qe2 f4 15.
Nxc6 bxc6 16. Qxe6+ Kh8 17. Ne5 Bxe5 18. Qxe5 Re8 19. Qh5 g6 20. Qg4 Rf8 21. Bd2
Rb8 22. b3 Qd6 23. Rfe1 Nf6 24. Qxf4 Qd7 25. c4 Ng4 26. Qg3 Rxf2 27. Bc3 Rc2 28.
h3 Nh6 29. d5+ Kg8 30. Qe5 Nf7 31. Qg7# 1-0